[Event "Chelyabinskiy variant-A 2021"]
[Site "Chelyabinsk"]
[Date "2021.03.23"]
[Round "1.11"]
[White "Iljin, Timofey"]
[Black "Kotsur, Pavel"]
[Result "0-1"]
[WhiteElo "2314"]
[BlackElo "2517"]
[Annotator "TA"]
[PlyCount "68"]
[EventDate "2021.03.23"]
[EventType "swiss"]
[EventCountry "RUS"]
[SourceTitle "playchess.com"]
[Source "ChessBase"]
[SourceQuality "1"]

{[%evp 9,68,-1,-7,-20,-14,-33,-33,-41,-27,-64,-71,-67,-31,-75,-53,-53,-63,-109,-100,-191,-170,-168,-161,-189,-190,-183,-207,-192,-220,-226,-234,-234,-225,-231,-228,-228,-225,-308,-284,-268,-272,-308,-248,-249,-251,-279,-226,-331,-297,-364,-365,-364,-358,-408,-390,-358,-383,-368,-341,-777,-780]} 1. d4 Nf6 2. Nc3 d5 3. Bf4 c5 4. e3 cxd4 5. exd4 a6 6. Qd2 {B13: Caro-Kann: Exchange Variation and Panov-Botvinnik Attack.} Nc6 7. f3 e6 8. Nge2 {[#] Black is slightly better.} Be7 $146 ({Predecessor:} 8... Bd7 9. Ng3 Qb6 10. O-O-O Bb4 11. Nge2 Rc8 12. a3 Ba5 13. b4 Nxb4 14. axb4 Bxb4 {½-½ (30) Balazs,B (1300)-Schaefer,M (1387) Gross Doelln 2010}) 9. g4 b5 10. a3 Bb7 11. Nc1 Na5 12. b3 Nc6 13. b4 {White is on the road to losing.} O-O 14. N3e2 (14. Nb3 $17) 14... Nd7 15. Nb3 a5 16. c3 axb4 17. axb4 {[#]} Rxa1+ 18. Nxa1 e5 19. Be3 Nb6 {aiming for ...Nc4.} 20. Ng3 exd4 21. Bxd4 Nxd4 22. cxd4 Nc4 23. Qc3 Bg5 {[#] Hoping for ...Bd2+.} 24. Bxc4 dxc4 ({Much less strong is} 24... bxc4 25. O-O $19) 25. Nc2 Bf4 {And now ...Qh4 would win.} 26. O-O g6 27. Rf2 Qh4 28. Nf1 (28. Ne2 $142 Bh6 29. d5) 28... f5 29. Qe1 fxg4 30. Qe6+ Kg7 31. Qxg4 Qe7 32. Qg2 Rf5 33. Re2 Qd8 34. Ng3 $2 (34. Qf2) 34... Bxg3 {Weighted Error Value: White=0.42/Black=0.10} 0-1

[Event "Chelyabinskiy variant-A 2021"]
[Site "Chelyabinsk"]
[Date "2021.03.23"]
[Round "1.12"]
[White "Utegaliyev, Azamat"]
[Black "Grachev, Alexey"]
[Result "1-0"]
[WhiteElo "2507"]
[BlackElo "2302"]
[Annotator "TA"]
[PlyCount "71"]
[EventDate "2021.03.23"]
[EventType "swiss"]
[EventCountry "RUS"]
[SourceTitle "playchess.com"]
[Source "ChessBase"]
[SourceQuality "1"]

{[%evp 9,71,131,118,118,111,112,117,86,113,125,142,136,177,179,172,175,174,186,206,146,147,143,143,145,153,130,172,173,185,179,172,174,207,183,334,351,365,370,399,343,471,440,430,421,441,427,431,416,416,422,418,422,422,422,400,398,474,383,391,387,539,501,438,403]} 1. e4 c5 2. Nf3 Nc6 3. Bb5 g5 4. Nxg5 {[#]} Nd4 $146 ({Predecessor:} 4... Nf6 5. d3 Rg8 6. Bc4 e6 7. g3 h6 8. Nf3 d5 9. Bb5 Qa5+ 10. Nc3 d4 11. b4 Qxb4 {1-0 (100) Khalafova,N (2279)-Egorov,E (2314) Chess.com INT 2020}) 5. Ba4 b5 {[#]} 6. c3 $1 {aiming for Nxf7. B30: Sicilian: 2...Nc6 3 Bb5, lines without ...g6.} bxa4 7. cxd4 cxd4 8. Qxa4 {White is better.} Bg7 9. O-O d3 10. Nc3 e6 11. Nf3 Ne7 12. b3 O-O 13. Ba3 f5 14. Rac1 a5 15. exf5 Rxf5 16. Qh4 Nc6 17. Qg3 Bb7 18. Ne4 $36 {[%mdl 2048] And now Nd6 would win. White is in control.} Ne5 19. Nxe5 Bxe4 20. f4 (20. Nxd3 $2 Rg5 $19) 20... Qb6+ 21. Kh1 {Strongly threatening Nc4.} (21. Bc5 $6 Qb7 $16) 21... a4 $2 (21... Qb7 {keeps fighting.} 22. Rfe1 (22. Nxd3 Bxd3 23. Qxd3 a4 $16) 22... Bd5) 22. Nc4 $18 ({Resist} 22. Nxd7 Qd8 $18) 22... Qb7 23. Nd6 {[%mdl 64] [#] Double Attack} Qd5 24. Nxf5 Bxf5 25. Bb2 {[%csl Gb2][%cal Rg3g7]} Bg6 26. Bxg7 Kxg7 27. f5 exf5 28. Qf4 axb3 29. axb3 Re8 30. Rfe1 Re2 31. Rxe2 dxe2 32. Qe3 Kf7 33. Qxe2 Qxb3 34. h3 Qb6 35. Qe5 Qe6 36. Qd4 {Weighted Error Value: White=0.12/Black=0.29} 1-0

[Event "Chelyabinskiy variant-A 2021"]
[Site "Chelyabinsk"]
[Date "2021.03.23"]
[Round "1.13"]
[White "Odegov, Artem"]
[Black "Khanin, Semen"]
[Result "0-1"]
[WhiteElo "2298"]
[BlackElo "2506"]
[Annotator "TA"]
[PlyCount "90"]
[EventDate "2021.03.23"]
[EventType "swiss"]
[EventCountry "RUS"]
[SourceTitle "playchess.com"]
[Source "ChessBase"]
[SourceQuality "1"]

{[%evp 17,90,-12,7,-7,-3,-3,0,-5,-7,-14,-22,-20,-26,-43,-50,-96,-90,-81,-93,-69,-72,-81,-79,-77,-65,-62,-64,-65,-59,-76,-47,-283,-287,-277,-277,-279,-285,-277,-271,-371,-364,-358,-348,-345,-362,-522,-536,-622,-624,-973,-938,-995,-987,-5700,-5716,-6111,-6111,-29984,-29985,-29985,-29986,-29990,-29991,-29991,-29992,-29992,-29989,-29992,-29988,-29981,-29979,-29979,-29980,-29985,-29984]} 1. d4 Nf6 2. c4 e6 3. Nc3 Bb4 4. e3 O-O 5. Bd2 b6 6. Bd3 Bb7 7. Nf3 d5 8. cxd5 exd5 9. O-O a6 10. a3 {E52: Nimzo-Indian: Rubinstein: 4...0-0 5 Nf3 d5 6 Bd3 b6.} Bd6 11. Ne5 c5 12. f4 {The position is equal.} Nc6 {[#]} 13. Ng4 $146 ({Predecessor:} 13. Ne2 Ne4 14. Bxe4 dxe4 15. Nxc6 Bxc6 16. Bc3 Bb5 17. Re1 Bd3 18. dxc5 Bxc5 19. Nd4 {0-1 (46) Li,S (1853)-Zhang,D (2026) Hangzhou 2019}) 13... Be7 14. Nxf6+ Bxf6 15. Qh5 {[%csl Gd3][%cal Rh5h7] [#]} g6 16. Qxd5 cxd4 17. Ne4 {Black should prevent Qxd8.} Bg7 (17... Qxd5 $2 {is the wrong capture.} 18. Nxf6+ Kg7 19. Nxd5 $18) 18. Qxd8 Raxd8 19. Nf2 dxe3 20. Bxe3 Nd4 $36 {[%mdl 2048] White is under pressure.} 21. Rad1 Rfe8 22. Rfe1 h5 23. b4 Rc8 24. Be4 $2 {This costs White the game.} Bxe4 $19 25. Bxd4 Bc2 26. Bxg7 Bxd1 {[%cal Re8e1] [#]} ({Weaker is} 26... Kxg7 27. Rxe8 Rxe8 28. Rc1 $17) 27. Be5 Bc2 28. Rf1 Re6 29. g4 f6 30. Ba1 Rc4 31. gxh5 (31. f5 $142 gxf5 32. gxh5) 31... gxh5 32. Nh1 h4 33. Kg2 Be4+ 34. Kh3 Bxh1 35. Rg1+ Kf7 36. Rxh1 Rxf4 {[%mdl 4096] Endgame ( -> ...Re3+). KRR-KRB} 37. Rc1 Re3+ {Black mates.} 38. Kg2 h3+ 39. Kg1 Re2 40. Rc7+ Kg6 {[%cal Re2e1]} 41. Rc1 Rg2+ 42. Kh1 Rff2 43. Rg1 Rxg1+ 44. Kxg1 Rg2+ 45. Kh1 Rd2 {[%cal Rd2d1] Weighted Error Value: White=0.96/Black=0.02} 0-1

[Event "Chelyabinskiy variant-A 2021"]
[Site "Chelyabinsk"]
[Date "2021.03.24"]
[Round "2.1"]
[White "Zarubitski, Viachaslau"]
[Black "Demchenko, Anton"]
[Result "1/2-1/2"]
[WhiteElo "2446"]
[BlackElo "2610"]
[Annotator "TA"]
[PlyCount "300"]
[EventDate "2021.03.23"]
[EventType "swiss"]
[EventCountry "RUS"]
[SourceTitle "playchess.com"]
[Source "ChessBase"]
[SourceQuality "1"]

{[%evp 10,300,16,25,38,21,21,22,25,15,21,22,30,10,16,0,0,0,0,-1,0,0,0,9,19,16,26,13,14,0,0,0,22,9,13,0,29,0,31,14,53,74,64,65,139,56,75,38,41,7,58,16,52,26,26,26,26,22,27,22,43,50,73,43,43,19,36,13,13,13,43,44,75,75,85,84,86,86,86,86,113,86,92,85,86,71,102,0,86,64,78,0,108,0,78,0,113,75,113,75,220,86,86,86,86,86,96,93,102,74,110,86,102,80,79,0,95,94,95,86,92,76,155,0,86,68,75,29,86,86,150,82,60,59,64,64,67,31,31,31,31,42,72,31,29,31,34,40,56,0,25,0,59,40,105,64,104,104,104,103,103,103,103,103,103,103,103,103,103,103,103,103,106,0,120,90,120,103,120,103,103,103,103,103,103,103,120,103,103,103,120,121,123,79,91,72,123,123,123,104,123,104,123,123,123,104,104,104,123,104,104,80,104,80,87,87,90,87,87,80,90,87,87,87,87,87,87,87,90,87,87,80,80,80,80,80,80,80,80,80,80,80,80,80,80,80,80,80,80,80,80,80,80,80,80,80,80,80,80,80,80,0,80,0,80,0,80,80,80,80,80,0,80,0,80,80,80,0,16,0,80,0,16,0,80,0,16,0,80,0,80,80,80]} 1. e4 c6 2. Nf3 d5 3. Nc3 dxe4 4. Nxe4 Nf6 5. Qe2 Nxe4 6. Qxe4 Qa5 {B11: Caro-Kann: Two Knights Variation.} 7. Bc4 Bf5 8. Qe2 e6 {The position is equal.} 9. O-O Nd7 10. d4 Bd6 {[#]} 11. Bb3 $146 ({Predecessor:} 11. Bg5 O-O 12. Rad1 Bg4 13. Bh4 Qh5 14. Bg3 Bxf3 15. gxf3 Be7 16. Bxe6 fxe6 17. Qxe6+ {1-0 (32) Gazik,V (2502)-Villegas,P (2364) chess.com INT 2020}) 11... Qc7 12. Re1 O-O 13. h3 h6 14. Bd2 Rad8 15. Rad1 Rfe8 16. c4 Bg6 17. Bc3 Bh5 18. Bc2 Nf8 19. Qe3 Bf4 20. Qe2 a6 21. b3 b5 22. Be4 Rc8 23. a4 Qb8 24. Ra1 Red8 25. axb5 axb5 26. Ra6 Qb7 {[#]} (26... bxc4 $14 27. bxc4 Qb3) 27. Rea1 (27. Rxc6 $1 $16 {[%mdl 512]} bxc4 28. Rxc8 (28. Rxc4 Qxb3 29. Rxc8 Rxc8 $11) 28... Qxc8 29. bxc4) 27... Qd7 28. Ba5 Re8 29. Bb6 {aiming for Ra7.} Bb8 (29... e5 $11) 30. Bc5 Ng6 31. Bxg6 Bxg6 32. Ne5 Bxe5 33. Qxe5 bxc4 34. bxc4 Qd8 35. Bd6 Bd3 36. R6a4 (36. R1a3 {seems wilder.} Bf5 37. Kh2 Qh4 38. Ra7 Bg6 39. f3) 36... Qg5 37. Qe1 Qg6 38. f3 Red8 39. c5 Qf5 40. Ra7 Qg6 41. R1a3 Bc2 42. Kh2 Qh5 43. Qg3 Bg6 44. Qf2 Qf5 45. Qe3 Qd5 46. Kg1 Qf5 47. Qc3 Qc2 48. Qe3 Qf5 $1 49. Qf2 Qd5 50. Kh2 Qf5 $1 51. Qg3 (51. g4 $16 Qb1 52. Qd2) 51... Qg5 (51... Qh5 $1 $11 {remains equal.}) 52. Qf2 Qf5 $1 53. h4 Qd5 54. Qg3 h5 {[#]} (54... Qf5 $16) 55. R3a4 (55. Rxf7 $1 $18 {[%mdl 512] is the precise move to win.} Bxf7 56. Be5) 55... Kh7 56. Qf4 Kg8 57. R4a6 Qf5 58. Qe3 Qd5 59. Ra4 Bc2 60. Ra2 Bb1 61. Rb2 Bg6 62. Rba2 $40 {[%mdl 128] Black needs to defend precisely.} Bb1 63. Ra1 Bg6 64. Qf4 Qf5 65. Qg3 Qd5 {[#]} (65... Kh8 $142) 66. R1a4 (66. Rxf7 $142 $1 {[%mdl 512]} Bxf7 67. Be5) 66... Kh7 $1 $16 67. Kh1 Kg8 68. Kg1 Kh7 (68... Qb3 $11 {keeps the balance.}) 69. Kh2 Kg8 {[#]} (69... Rg8 $142) 70. Qf2 (70. Rxf7 $142 $1 {[%mdl 512]} Bxf7 71. Be5) 70... Kh7 71. Ra1 Rxd6 72. cxd6 Qxd6+ 73. Kg1 c5 74. dxc5 Rxc5 {[#]} 75. Rd7 $1 Qc6 (75... Qb6 76. Rad1) 76. Rad1 (76. Rd8 $5 {[%cal Ra1a8]} Rc1+ 77. Rxc1 Qxc1+ 78. Qf1 Qe3+ 79. Qf2 Qc1+ 80. Qf1 Qe3+ 81. Qf2 Qc1+ $16) 76... Rc2 77. R7d2 Rc4 78. Rd4 Rc2 79. R4d2 Rc4 $1 80. Rd4 Rc2 $1 {[%cal Rc2f2]} 81. Qg3 (81. Qe1 {looks sharper.} Qc7 82. Qb4 Qg3 83. R4d2 Rc8 84. Rb2) 81... Qc7 (81... Qb5 $14) 82. Kh2 (82. Qxc7 {with more complications.} Rxc7 83. Kf2 e5 84. Rd7 Rc2+ 85. R1d2) 82... Qxg3+ 83. Kxg3 $14 {[%mdl 4096] Endgame KRR-KRB} e5 84. Rd7 (84. Ra4 {keeps more tension.} Rc3 85. Rda1 e4 86. R1a3 Rxa3 87. Rxa3 exf3 88. Kxf3 f6 89. Ra7) 84... e4 85. Re7 exf3 86. gxf3 Rc5 87. Ra1 Rb5 88. Ra8 Rb6 89. Rf8 Rf6 90. Ra7 Rf5 91. Re7 (91. Ra6 {is more complex.} Rc5 92. Raa8 Kh6 93. Ra7 Kh7 94. Re7) 91... Rf6 $1 92. Ree8 {[%csl Ge8][%cal Rf8h8]} Kh6 93. Rh8+ Bh7 94. Re5 Rg6+ 95. Rg5 Rd6 96. Ra5 Rg6+ 97. Kf2 Rf6 98. Re5 Rd6 99. Re7 Rf6 100. Ke3 g6 101. Kf2 Kg7 102. Ra8 Rb6 (102... Rf5 $142) 103. Raa7 $16 Bg8 104. Kg3 Rb1 105. Ra6 Rg1+ 106. Kf2 Rb1 107. Kg2 Rb4 108. Kg3 Rb1 109. Re2 Rb5 110. Re3 Rb7 111. f4 Rb1 112. Rf3 Bh7 113. Ra2 Rg1+ 114. Rg2 Ra1 115. Rb3 Rc1 116. Ra3 Rb1 117. Ra4 Rb3+ 118. Kh2 Rb5 119. Raa2 Rb4 120. Raf2 Bg8 121. Rg5 Rd4 122. Kg3 f6 123. Ra5 Be6 124. Ra7+ Rd7 {[#]} 125. Rfa2 $1 {Threatens to win with Rxd7+.} Rxa7 126. Rxa7+ {KR-KB} Kf8 127. Kf2 Bf5 128. Ke3 Bg4 129. Kd4 Bf5 130. Kd5 Bg4 131. Kd6 Bf5 132. Ra5 {White wants to mate with Rxf5!} Bg4 133. Rc5 Kf7 134. Rc7+ Kf8 135. Ra7 Bf5 136. Rc7 Bg4 137. Ra7 Bf5 138. Rb7 Bg4 139. Rb8+ Kf7 140. Rb7+ Kf8 141. Rb8+ Kf7 {[#]} 142. Rb5 $1 Kf8 143. Rb8+ (143. Kd5 $16) 143... Kf7 $11 144. Rb7+ ({White should try} 144. Rb6 $11) 144... Kf8 $16 145. Rb8+ (145. Rb5 $16) 145... Kf7 $11 146. Rb7+ (146. Rb6 $11) 146... Kf8 $16 147. Rb8+ ({White should play} 147. Rh7 $16) 147... Kf7 $11 148. Rb7+ (148. Rb6 $11) 148... Kf8 $16 149. Ra7 Bf5 150. Ra8+ Kf7 {Weighted Error Value: White=0.21/Black=0.16} 1/2-1/2

[Event "Chelyabinskiy variant-A 2021"]
[Site "Chelyabinsk"]
[Date "2021.03.24"]
[Round "2.2"]
[White "Lysyj, Igor"]
[Black "Pogosyan, Stefan"]
[Result "1-0"]
[WhiteElo "2605"]
[BlackElo "2444"]
[Annotator "TA"]
[PlyCount "65"]
[EventDate "2021.03.23"]
[EventType "swiss"]
[EventCountry "RUS"]
[SourceTitle "playchess.com"]
[Source "ChessBase"]
[SourceQuality "1"]

{[%evp 11,65,22,22,0,-10,-10,-4,-10,14,0,54,60,64,60,57,47,101,99,107,95,102,102,102,110,104,104,147,152,168,173,171,171,212,216,220,220,219,203,294,309,310,304,275,221,575,581,861,848,29998,29993,29993,29994,29994,29995,29997,29998]} 1. d4 Nf6 2. c4 e6 3. Nf3 d5 4. g3 dxc4 5. Bg2 a6 6. O-O Nc6 7. Qd2 $5 {[%mdl 4] An interesting side line. E04: Open Catalan: 5 Nf3.} Rb8 8. Ne5 Nxe5 9. dxe5 {The position is equal.} Qxd2 (9... Nd7 {keeps more tension.} 10. Qf4 b5 11. Rd1 Bb7 12. Bxb7 Rxb7 13. Nc3 c6) 10. Nxd2 {[%cal Bb1d2,Bd2c4,Bc4a5][%mdl 32] [#]} Nd7 $146 ({Black should try} 10... c3 $11 11. bxc3 (11. exf6 cxd2 12. fxg7 Bxg7 $11) 11... Nd5) ({Predecessor:} 10... Nd5 11. Nxc4 Be7 12. Bd2 O-O 13. Rfd1 Rd8 14. e4 Nb6 15. Nxb6 cxb6 16. Be3 Rxd1+ 17. Rxd1 {½-½ (56) Lysyj,I (2593)-Bocharov,D (2528) Khanty-Mansiysk 2020}) 11. Nxc4 $14 b5 12. Na5 {Strongly threatening Rd1.} Nxe5 13. Bf4 Bb4 {Black is now going downhill.} 14. Bxe5 $16 Bxa5 15. Bxg7 Rg8 16. Be5 Bb7 17. Rac1 Bxg2 18. Kxg2 Rb7 19. Rc6 Bb6 20. Rd1 $1 Ke7 {[#]} 21. f4 $1 a5 {[#]} 22. f5 $1 Rc8 23. fxe6 fxe6 24. Bf4 Re8 (24... Rg8 {was called for.} 25. h4 Rg6 26. Bg5+ Kf8 27. Rd8+ Kf7 28. Rd7+ Kg8) 25. Bg5+ Kf7 26. Rd7+ Kg6 27. Be7 Kf5 $2 (27... Bd4 {is more resistant.} 28. b3 (28. Rxd4 Rxe7 29. Kf3 Rb6 $16) (28. Rxe6+ Kf5 $18) 28... Be5 29. Rxe6+ Kf5) 28. Kf3 $18 h5 29. e4+ Ke5 30. Bg5 {White mates.} Rf8+ 31. Bf4+ Kf6 32. e5+ Kf5 33. Rg7 {[%csl Gf4][%cal Rg7g5] Weighted Error Value: White=0.04/Black=0.59} 1-0

[Event "Chelyabinskiy variant-A 2021"]
[Site "Chelyabinsk"]
[Date "2021.03.24"]
[Round "2.3"]
[White "Suleymenov, Alisher"]
[Black "Azarov, Sergei"]
[Result "1/2-1/2"]
[WhiteElo "2440"]
[BlackElo "2604"]
[Annotator "TA"]
[PlyCount "102"]
[EventDate "2021.03.23"]
[EventType "swiss"]
[EventCountry "RUS"]
[SourceTitle "playchess.com"]
[Source "ChessBase"]
[SourceQuality "1"]

{[%evp 9,102,-2,1,0,0,-4,0,5,11,0,20,0,0,10,59,44,47,25,20,0,0,0,0,0,18,-23,-10,-37,-31,-24,-36,-39,-27,-22,-16,-33,0,-120,-52,-111,-105,-106,-114,-145,-71,-71,-71,-71,-71,-72,-54,-72,-79,-95,-29,-29,-29,-36,-13,-22,0,-37,-37,-49,-16,-59,-8,-8,-8,-8,0,-8,0,0,0,0,0,0,0,0,0,0,0,0,0,0,0,0,0,0,0,0,0,0,0]} 1. d4 Nf6 2. c4 e6 3. Nc3 Bb4 4. e3 O-O 5. Bd2 c5 6. a3 {E46: Nimzo-Indian: Rubinstein: 4 e3 0-0 5 Ne2 without early Bd3.} Bxc3 7. Bxc3 Ne4 8. Ne2 $1 b6 9. d5 (9. dxc5 {seems wilder.} bxc5 10. Qd3 d5 11. Rd1 Bb7 12. Nf4) 9... d6 10. f3 Nxc3 11. Nxc3 e5 12. Bd3 f5 {[#]} 13. Qd2 $146 ({Predecessor:} 13. O-O Nd7 14. Qc2 g6 15. Kh1 Nf6 16. b4 Bd7 17. Qb2 Rb8 18. Be2 a6 19. Rab1 {0-1 (66) Sandipan,C (2534)-Haug,J (2406) Dubai 2019}) 13... Nd7 14. O-O-O a6 15. h4 Nf6 16. Qc2 Qd7 17. g3 Rb8 18. e4 fxe4 $1 19. Nxe4 Nxe4 20. Bxe4 h6 21. g4 b5 22. Rdg1 Qf7 23. Qd2 (23. h5 $11) 23... b4 (23... bxc4 $17 24. Rh2 Rb3) 24. g5 {[#]} (24. Qe3 $15) 24... h5 $1 $17 25. g6 Qf4 26. Rg5 Bg4 27. axb4 Rxb4 28. Qxf4 Rxf4 29. fxg4 Rxc4+ 30. Kb1 Rcxe4 31. gxh5 Rxh4 ({Better is} 31... a5 $17 32. Rg3 Kf8) 32. Rxh4 $11 Rxh4 $17 {[%mdl 4096] Endgame KR-KR} 33. Kc2 Rc4+ 34. Kb3 Rh4 (34... Rf4 {looks sharper.} 35. Kc3 Rf3+ 36. Kc4 Rf1 37. Kd3 Kf8) 35. Kc2 a5 36. Kb3 Rf4 37. Rg1 a4+ ({Black should play} 37... Kf8 $15) 38. Ka3 $11 {The position is equal.} Kf8 39. Rg2 e4 {[#] Strongly threatening ...e3.} 40. Re2 Ke7 {aiming for ...Kf6.} 41. Kxa4 Kf6 42. Kb5 Rh4 {Threatens to win with ...Ke5.} 43. Rf2+ Ke5 44. Kc6 Rxh5 45. Rf7 Kd4 46. Rxg7 Rxd5 {White must now prevent ...Rg5.} 47. Rd7 e3 48. Rxd6 Rxd6+ 49. Kxd6 {g7 is the strong threat.} e2 50. g7 e1=Q {( -> ...Qe5+)} 51. g8=Q {Hoping for Qd5+.} Qe5+ {Weighted Error Value: White=0.12/Black=0.13} 1/2-1/2

[Event "Chelyabinskiy variant-A 2021"]
[Site "Chelyabinsk"]
[Date "2021.03.24"]
[Round "2.4"]
[White "Harutjunyan, Gevorg"]
[Black "Shomoev, Anton"]
[Result "1/2-1/2"]
[WhiteElo "2439"]
[BlackElo "2563"]
[Annotator "ChessBase"]
[PlyCount "98"]
[EventDate "2021.03.23"]
[EventType "swiss"]
[EventCountry "RUS"]
[SourceTitle "playchess.com"]
[Source "ChessBase"]
[SourceQuality "1"]
[TimeControl "5400+30"]

1. e4 {[%emt 0:00:00]} c5 {[%emt 0:00:00]} 2. Nf3 {[%emt 0:00:00]} d6 {[%emt 0:00:00]} 3. d4 {[%emt 0:00:00]} cxd4 {[%emt 0:00:00]} 4. Nxd4 {[%emt 0:00:03]} Nf6 {[%emt 0:00:00]} 5. Nc3 {[%emt 0:00:08]} a6 {[%emt 0:00:00]} 6. Bc4 {[%emt 0:00:24]} e6 {[%emt 0:00:04]} 7. Bb3 {[%emt 0:00:08]} Nbd7 {[%emt 0:00:20]} 8. f4 {[%emt 0:04:32]} Nc5 {[%emt 0:00:20]} 9. Qf3 {[%emt 0:04:04]} b5 {[%emt 0:01:46]} 10. f5 {[%emt 0:00:49]} Bd7 {[%emt 0:00:35]} 11. Bg5 {[%emt 0:10:07]} Be7 {[%emt 0:02:39]} 12. e5 {[%emt 0:09:04]} dxe5 {[%emt 0:03:15]} 13. Nc6 {[%emt 0:00:17]} Bxc6 {[%emt 0:08:08]} 14. Qxc6+ {[%emt 0:00:08]} Kf8 {[%emt 0:00:10]} 15. fxe6 {[%emt 0:09:54]} Qc8 {[%emt 0:13:02]} 16. Qxc8+ {[%emt 0:02:51]} Rxc8 {[%emt 0:01:34]} 17. exf7 {[%emt 0:00:57]} Nxb3 {[%emt 0:03:44]} 18. axb3 {[%emt 0:01:00]} b4 {[%emt 0:08:57]} 19. Bxf6 {[%emt 0:07:23]} gxf6 {[%emt 0:00:55]} 20. Nd5 {[%emt 0:01:48]} Rxc2 {[%emt 0:00:20]} 21. O-O {[%emt 0:01:03]} Rc6 {[%emt 0:06:02]} 22. Rac1 {[%emt 0:05:06]} Rxc1 {[%emt 0:21:15]} 23. Rxc1 {[%emt 0:00:05]} Kxf7 {[%emt 0:00:07]} 24. Rc7 {[%emt 0:00:30]} Re8 {[%emt 0:00:02]} 25. Rb7 {[%emt 0:05:46]} Kf8 {[%emt 0:06:43]} 26. Kf1 {[%emt 0:05:59]} f5 {[%emt 0:03:01]} 27. Ke2 {[%emt 0:03:54]} a5 {[%emt 0:07:59]} 28. Ne3 {[%emt 0:09:16]} f4 {[%emt 0:04:17]} 29. Nd5 {[%emt 0:03:13]} e4 {[%emt 0:00:43]} 30. Nxf4 {[%emt 0:05:04]} Bg5 {[%emt 0:02:23]} 31. Rb5 {[%emt 0:04:19]} Bxf4 {[%emt 0:03:15]} 32. Rf5+ {[%emt 0:00:05]} Kg7 {[%emt 0:00:05]} 33. Rxf4 {[%emt 0:00:07]} Rc8 {[%emt 0:00:29]} 34. Ke3 {[%emt 0:02:04]} Rc1 {[%emt 0:00:01]} 35. Rf2 {[%emt 0:00:50]} Re1+ {[%emt 0:00:49]} 36. Re2 {[%emt 0:00:24]} Rh1 {[%emt 0:00:18]} 37. h3 {[%emt 0:00:41]} Kf6 {[%emt 0:01:18]} 38. Kxe4 {[%emt 0:00:20]} Kg5 {[%emt 0:01:11]} 39. Kd3 {[%emt 0:03:07]} Kf4 {[%emt 0:02:06]} 40. Re4+ {[%emt 0:01:31]} Kf5 {[%emt 0:00:01]} 41. Rh4 {[%emt 0:00:53]} Kg6 {[%emt 0:01:18]} 42. g4 {[%emt 0:01:17]} Rh2 {[%emt 0:00:14]} 43. Rh5 {[%emt 0:01:01]} Rxb2 {[%emt 0:00:06]} 44. Kc4 {[%emt 0:00:47]} Rc2+ {[%emt 0:01:06]} 45. Kb5 {[%emt 0:00:12]} Rb2 {[%emt 0:00:06]} 46. Ka4 {[%emt 0:00:47]} Ra2+ {[%emt 0:00:06]} 47. Kb5 {[%emt 0:00:03]} Rb2 {[%emt 0:00:14]} 48. Ka4 {[%emt 0:00:03]} Ra2+ {[%emt 0:00:05]} 49. Kb5 {[%emt 0:00:03]} Rb2 {[%emt 0:00:05]} 1/2-1/2

[Event "Chelyabinskiy variant-A 2021"]
[Site "Chelyabinsk"]
[Date "2021.03.24"]
[Round "2.5"]
[White "Fedorov, Alexei"]
[Black "Girya, Olga"]
[Result "1/2-1/2"]
[WhiteElo "2529"]
[BlackElo "2432"]
[Annotator "TA"]
[PlyCount "77"]
[EventDate "2021.03.23"]
[EventType "swiss"]
[EventCountry "RUS"]
[SourceTitle "playchess.com"]
[Source "ChessBase"]
[SourceQuality "1"]

{[%evp 13,77,11,20,5,11,0,0,0,26,-1,6,-32,-42,-37,-40,-46,-31,-55,-57,-57,-67,-42,81,71,69,77,81,31,38,36,36,43,49,0,0,0,0,-31,-31,-31,-36,-36,0,0,54,0,0,-8,-8,-15,-8,-20,0,-18,-4,-32,0,-18,-19,-16,-13,-49,-49,-60,-57,-76]} 1. e4 e5 2. Nf3 Nc6 3. Bc4 Bc5 4. c3 Nf6 5. d3 d6 6. Bg5 h6 7. Bh4 a6 8. a4 {C54: Giuoco Piano: 4 c3 Nf6, main lines with 5 d4 and 5 d3.} Ba7 9. Nbd2 g5 10. Bg3 {The position is equal.} Qe7 11. b4 {[%cal Bb2b4,Bb4b5][%mdl 32]} Nh5 12. b5 Na5 {[#]} 13. Ba2 $146 ({Predecessor:} 13. Bd5 c6 14. Ba2 axb5 15. axb5 cxb5 16. O-O Nxg3 17. hxg3 O-O 18. Bd5 Nc6 19. Rb1 {½-½ (51) Akopian,V (2638)-Matlakov,M (2716) Douglas 2019}) 13... Qf6 14. d4 {[%cal Rd4e5]} Nxg3 15. hxg3 g4 16. Nh4 exd4 17. O-O $1 Be6 (17... O-O $15 {stays ahead.} 18. cxd4 Bxd4) 18. Bxe6 $16 fxe6 19. e5 dxe5 20. Qxg4 O-O-O 21. Ne4 Qf7 22. bxa6 bxa6 23. cxd4 exd4 24. Rab1 d3 25. Nf3 Qf5 26. Qh4 Rhg8 {And now ...Rg4 would win.} 27. Rfc1 Rg7 (27... d2 $5 28. Nfxd2 Rxd2 $1 29. Nxd2 Qxf2+ {[%mdl 64] Double Attack} 30. Kh1 Qxd2 $17) 28. Ned2 Qg4 {[#]} (28... h5 $11) 29. Qxh6 (29. Rxc7+ $1 $14 Kxc7 30. Rc1+ Nc6 {[#]} 31. Rxc6+ $1 {[%mdl 576] Remove Defender, Decoy} Kxc6 32. Ne5+ {[%mdl 64] Double Attack} Kb7 33. Nxg4) 29... Rg6 $11 30. Qf4 Qxf4 31. gxf4 Rdg8 32. Ne1 Rg4 33. Rb4 e5 34. Kf1 exf4 {Hoping for ...Rh8.} 35. Nxd3 Rxg2 {...Bxf2! is the strong threat.} 36. Nf3 R2g7 37. Nxf4 Rh7 {aiming for ...Rh1+.} 38. Ne2 Rh1+ 39. Neg1 {Weighted Error Value: White=0.14/Black=0.15} 1/2-1/2